• De Vita Antonia

di Personal Name

Records bibliografici associati: 1

001 - CONTROL NUMBER

  • control field: 57701

003 - CONTROL NUMBER IDENTIFIER

  • control field:

005 - DATE AND TIME OF LATEST TRANSACTION

  • control field: 20190327123401.0

008 - FIXED-LENGTH DATA ELEMENTS

  • fixed length control field: 190327|| aca||aabn | a|a d

040 ## - CATALOGING SOURCE

  • Original cataloging agency:
  • Transcribing agency:

100 ## - HEADING--PERSONAL NAME

  • Personal name: De Vita Antonia

670 ## - SOURCE DATA FOUND

  • Source citation: Work cat.: (): De Vita Antonia, Reti di famiglie che ripensano gli stili di vita per la giustizia. Un caso italiano, 2017
CREDITS: SOCIETA' SAN PAOLO Via A.Severo, 58 - ROMA (RM) & PERIODICI SAN PAOLO SRL Via Giotto, 36 MILANO & CISF Via Giotto, 36 MILANO & EDIZIONI SAN PAOLO SRL,  Piazza Soncino, 5 CINISELLO BALSAMO (MI) -- ITALY